| 000 | 00415nam a2200181Ia 4500 | ||
|---|---|---|---|
| 001 | 21038 | ||
| 005 | 20260306172850.0 | ||
| 008 | 260306t2008||||xx |||||||||||||| ||spa|| | ||
| 041 | _aESP | ||
| 082 |
_a344 _bG78 |
||
| 100 |
_aJiménez de Asúa, Luis _eAUT |
||
| 245 | 0 | _aIntroducción al derecho penal | |
| 260 | _c2008 | ||
| 300 |
_a _c28 cm. |
||
| 650 | _aGEN | ||
| 654 | _aCDE | ||
| 942 |
_cLIB _dJUS _fJUS _2ddc _n |
||
| 999 |
_c21038 _d21038 |
||